000 00589nam a2200229Ia 4500
003 OSt
005 20220928102203.0
006 a|||||r|||| 00| 0
007 ta
008 220927b |||||||| |||| 00| 0 eng d
024 _a48973
037 _cTextual
040 _aSDCL
_cSDCL
_beng
041 _2eng
_aeng
082 _aY:1.42'N7, L1
100 _aIshida Takeshi
_9397010
245 0 _aJapanese society.
260 _aNew York
_b Random House
_c1971
300 _a145p.
_ccm.
942 _hY:1.42'N7, L1
_cTEXL
_2CC
999 _c712779
_d712779